[Event "European Online Club-ch-C 2021"]
[Site "Online"]
[Date "2021.03.27"]
[Round "2.6"]
[White "Grigorian, Spartak"]
[Black "Le Goff, Ronan"]
[Result "0-1"]
[WhiteElo "2458"]
[BlackElo "2288"]
[Annotator "ChessBase"]
[PlyCount "56"]
[EventDate "2021.03.27"]
[EventType "team-tourn"]
[EventCountry "NET"]
[SourceTitle "playchess.com"]
[Source "ChessBase"]
[SourceQuality "1"]
[TimeControl "900+5"]

1. d4 {[%emt 0:00:00]} d5 {[%emt 0:00:04]} 2. c4 {[%emt 0:00:04]} e6 {[%emt 0:00:02]} 3. Nc3 {[%emt 0:00:06]} Nf6 {[%emt 0:00:02]} 4. Bg5 {[%emt 0:00:21]} Be7 {[%emt 0:00:02]} 5. e3 {[%emt 0:00:06]} Nbd7 {[%emt 0:00:05]} 6. Nf3 {[%emt 0:01:06]} h6 {[%emt 0:00:02]} 7. Bh4 {[%emt 0:00:12]} O-O {[%emt 0:00:03]} 8. Rc1 {[%emt 0:00:23]} c5 {[%emt 0:00:04]} 9. Be2 {[%emt 0:01:18]} dxc4 {[%emt 0:01:46]} 10. Bxc4 {[%emt 0:00:05]} a6 {[%emt 0:00:02]} 11. a4 {[%emt 0:00:46]} b6 {[%emt 0:00:05]} 12. O-O {[%emt 0:00:25]} Bb7 {[%emt 0:00:43]} 13. Qe2 {[%emt 0:00:05]} Ne4 {[%emt 0:01:34]} 14. Bxe7 {[%emt 0:01:19]} Qxe7 {[%emt 0:00:23]} 15. Rfd1 {[%emt 0:00:24]} Rfd8 {[%emt 0:00:30]} 16. Nxe4 {[%emt 0:00:53]} Bxe4 {[%emt 0:00:04]} 17. Bxa6 {[%emt 0:00:02]} Bxf3 {[%emt 0:00:10]} 18. gxf3 {[%emt 0:00:01]} cxd4 {[%emt 0:00:39]} 19. Rxd4 {[%emt 0:01:52]} Nc5 {[%emt 0:00:10]} 20. Rxd8+ {[%emt 0:00:12]} Qxd8 {[%emt 0:00:08]} 21. Bb5 {[%emt 0:00:11]} Nxa4 {[%emt 0:01:06]} 22. b4 {[%emt 0:00:47]} Nc3 {[%emt 0:00:28]} 23. Qc4 {[%emt 0:05:00]} Qg5+ {[%emt 0:01:08]} 24. Kh1 {[%emt 0:00:02]} Nxb5 {[%emt 0:00:13]} 25. Rg1 {[%emt 0:00:02]} Qf5 {[%emt 0:00:24]} 26. Rg3 {[%emt 0:00:07]} Nd6 {[%emt 0:02:49]} 27. Qd4 {[%emt 0:00:44]} Qb1+ {[%emt 0:00:03]} 28. Kg2 {[%emt 0:00:02]} Nf5 {[%emt 0:00:03]} 0-1

[Event "European Online Club-ch-C 2021"]
[Site "Online"]
[Date "2021.03.27"]
[Round "2.7"]
[White "Bouget, Alexandre"]
[Black "Wachinger, Nikolas"]
[Result "0-1"]
[WhiteElo "2247"]
[BlackElo "2369"]
[Annotator "NA"]
[PlyCount "90"]
[EventDate "2021.03.27"]
[EventType "team-tourn"]
[EventCountry "NET"]
[SourceTitle "playchess.com"]
[Source "ChessBase"]
[SourceQuality "1"]
[TimeControl "900+5"]

1. d4 {[%emt 0:00:00]} Nf6 {[%emt 0:00:18]} 2. c4 {[%emt 0:00:26]} e6 {[%emt 0:00:06]} 3. Nc3 {[%emt 0:00:03]} Bb4 {[%emt 0:00:12]} 4. e3 {[%emt 0:00:03]} O-O {[%emt 0:00:08]} 5. Bd2 {[%emt 0:00:02]} b6 {[%emt 0:00:19]} 6. Nf3 {[%emt 0:00:03]} Bb7 {[%emt 0:00:09]} 7. Bd3 {[%emt 0:00:02]} Bxc3 {[%emt 0:00:33]} 8. Bxc3 {[%emt 0:00:00]} Ne4 {[%emt 0:00:01]} 9. Rc1 {[%emt 0:00:04]} d6 {[%emt 0:00:20]} 10. O-O {[%emt 0:00:04]} Nd7 {[%emt 0:00:03]} 11. Nd2 {[%emt 0:01:05]} Nxc3 {[%emt 0:00:23]} 12. Rxc3 {[%emt 0:00:00]} f5 {[%emt 0:00:28]} 13. e4 {[%emt 0:01:58]} f4 {[%emt 0:02:32]} 14. e5 {[%emt 0:04:31]} f3 {[%emt 0:03:00]} 15. Nxf3 {[%emt 0:01:29]} Bxf3 {[%emt 0:00:15]} 16. gxf3 {[%emt 0:00:00]} dxe5 {[%emt 0:00:03]} 17. Be4 {[%emt 0:00:21]} Qg5+ {[%emt 0:00:25]} 18. Kh1 {[%emt 0:00:05]} Rad8 {[%emt 0:00:01]} 19. Rg1 {[%emt 0:01:25]} Qh6 {[%emt 0:00:43]} 20. Rd3 {[%emt 0:00:15]} Nf6 {[%emt 0:01:35]} 21. dxe5 {[%emt 0:00:07]} Nxe4 {[%emt 0:00:10]} 22. fxe4 {[%emt 0:00:17]} Rxd3 {[%emt 0:00:08]} 23. Qxd3 {[%emt 0:00:00]} Qf4 {[%emt 0:00:13]} 24. f3 {[%emt 0:02:12]} Qxe5 {[%emt 0:00:42]} 25. Rg2 {[%emt 0:00:54]} Qf6 {[%emt 0:00:27]} 26. Rd2 {[%emt 0:00:30]} g6 {[%emt 0:00:37]} 27. Kg2 {[%emt 0:00:20]} Qg5+ {[%emt 0:00:15]} 28. Kf2 {[%emt 0:00:17]} Qh4+ {[%emt 0:00:33]} 29. Kg2 {[%emt 0:00:02]} Qg5+ {[%emt 0:00:05]} 30. Kf2 {[%emt 0:00:02]} Kg7 {[%emt 0:00:28]} 31. Qe3 {[%emt 0:00:07]} Qh4+ {[%emt 0:00:37]} 32. Kg2 {[%emt 0:00:03]} Rd8 {[%emt 0:00:02]} 33. Qc3+ {[%emt 0:00:15]} Kf7 {[%emt 0:00:03]} 34. Rxd8 {[%emt 0:00:06]} Qxd8 {[%emt 0:00:01]} 35. Qe5 {[%emt 0:00:04]} Qd2+ {[%emt 0:00:14]} 36. Kg3 {[%emt 0:00:04]} Qe1+ {[%emt 0:00:09]} 37. Kf4 {[%emt 0:00:21]} Qc1+ {[%emt 0:00:34]} 38. Kg3 {[%emt 0:00:02]} Qg1+ {[%emt 0:00:06]} 39. Kh3 {[%emt 0:00:20]} Qf1+ {[%emt 0:00:03]} 40. Kg3 {[%emt 0:00:03]} Qxc4 {[%emt 0:00:03]} 41. Qh8 {[%emt 0:00:06]} Qc5 {[%emt 0:00:14]} 42. Qxh7+ {[%emt 0:00:03]} Kf6 {[%emt 0:00:05]} 43. Qh8+ {[%emt 0:00:02]} Ke7 {[%emt 0:00:18]} 44. Qg7+ {[%emt 0:00:03]} Kd6 {[%emt 0:00:02]} 45. Qxg6 {[%emt 0:00:05]} Qg1+ {[%emt 0:00:02]} 0-1

[Event "European Online Club-ch-C 2021"]
[Site "Online"]
[Date "2021.03.27"]
[Round "2.8"]
[White "Colbow, Collin"]
[Black "Lahoche, Dorian"]
[Result "1-0"]
[WhiteElo "2339"]
[BlackElo "2124"]
[Annotator "NA"]
[PlyCount "125"]
[EventDate "2021.03.27"]
[EventType "team-tourn"]
[EventCountry "NET"]
[SourceTitle "playchess.com"]
[Source "ChessBase"]
[SourceQuality "1"]
[TimeControl "900+5"]

1. e4 {[%emt 0:00:00]} e5 {[%emt 0:00:03]} 2. Nf3 {[%emt 0:00:02]} Nc6 {[%emt 0:00:01]} 3. Bc4 {[%emt 0:00:02]} Nf6 {[%emt 0:00:02]} 4. d3 {[%emt 0:00:04]} Be7 {[%emt 0:00:02]} 5. O-O {[%emt 0:00:02]} O-O {[%emt 0:00:02]} 6. a4 {[%emt 0:00:07]} a5 {[%emt 0:00:47]} 7. Nc3 {[%emt 0:00:14]} d6 {[%emt 0:00:03]} 8. h3 {[%emt 0:00:24]} Be6 {[%emt 0:00:31]} 9. Re1 {[%emt 0:00:21]} Nd7 {[%emt 0:01:11]} 10. Bxe6 {[%emt 0:01:24]} fxe6 {[%emt 0:00:00]} 11. d4 {[%emt 0:00:13]} exd4 {[%emt 0:01:41]} 12. Nxd4 {[%emt 0:00:00]} Nxd4 {[%emt 0:00:37]} 13. Qxd4 {[%emt 0:00:00]} Bg5 {[%emt 0:01:43]} 14. Qc4 {[%emt 0:00:58]} Nc5 {[%emt 0:00:20]} 15. e5 {[%emt 0:00:52]} Bxc1 {[%emt 0:00:39]} 16. Raxc1 {[%emt 0:00:10]} Qg5 {[%emt 0:00:29]} 17. exd6 {[%emt 0:03:31]} Rf4 {[%emt 0:01:06]} 18. Qe2 {[%emt 0:02:13]} cxd6 {[%emt 0:00:14]} 19. Qd2 {[%emt 0:01:20]} Raf8 {[%emt 0:01:33]} 20. Ne2 {[%emt 0:01:44]} Rg4 {[%emt 0:02:44]} 21. Qxg5 {[%emt 0:00:03]} Rxg5 {[%emt 0:00:00]} 22. Rcd1 {[%emt 0:00:10]} d5 {[%emt 0:00:25]} 23. Rd4 {[%emt 0:01:42]} Re5 {[%emt 0:00:42]} 24. Kf1 {[%emt 0:00:47]} Kf7 {[%emt 0:01:19]} 25. Nc3 {[%emt 0:00:18]} Rxe1+ {[%emt 0:00:06]} 26. Kxe1 {[%emt 0:00:00]} Ke7 {[%emt 0:00:08]} 27. Ke2 {[%emt 0:00:13]} Kd6 {[%emt 0:00:08]} 28. g3 {[%emt 0:00:12]} g5 {[%emt 0:00:06]} 29. h4 {[%emt 0:00:04]} h6 {[%emt 0:00:06]} 30. hxg5 {[%emt 0:00:02]} hxg5 {[%emt 0:00:00]} 31. Rg4 {[%emt 0:00:03]} Rf5 {[%emt 0:00:12]} 32. Nb5+ {[%emt 0:00:13]} Ke7 {[%emt 0:00:06]} 33. Nd4 {[%emt 0:00:04]} Re5+ {[%emt 0:00:01]} 34. Kf1 {[%emt 0:00:07]} Ne4 {[%emt 0:00:27]} 35. Nf3 {[%emt 0:00:04]} Rf5 {[%emt 0:00:03]} 36. Ke2 {[%emt 0:00:04]} Kf6 {[%emt 0:00:13]} 37. c4 {[%emt 0:00:06]} Kg6 {[%emt 0:00:07]} 38. cxd5 {[%emt 0:00:05]} exd5 {[%emt 0:00:00]} 39. Nh4+ {[%emt 0:00:04]} Kh5 {[%emt 0:00:06]} 40. Nxf5 {[%emt 0:00:02]} Kxg4 {[%emt 0:00:01]} 41. Ne3+ {[%emt 0:00:01]} Kh5 {[%emt 0:00:07]} 42. Nxd5 {[%emt 0:00:01]} Nc5 {[%emt 0:00:05]} 43. Nb6 {[%emt 0:00:11]} Kg4 {[%emt 0:00:05]} 44. Ke3 {[%emt 0:00:03]} Nb3 {[%emt 0:00:10]} 45. Nc4 {[%emt 0:00:11]} Nc5 {[%emt 0:00:04]} 46. Nxa5 {[%emt 0:00:10]} Nxa4 {[%emt 0:00:02]} 47. b3 {[%emt 0:00:01]} Nc5 {[%emt 0:00:04]} 48. b4 {[%emt 0:00:07]} Na6 {[%emt 0:00:05]} 49. b5 {[%emt 0:00:05]} Nc5 {[%emt 0:00:02]} 50. Kd4 {[%emt 0:00:03]} b6 {[%emt 0:00:05]} 51. Nc4 {[%emt 0:00:04]} Na4 {[%emt 0:00:09]} 52. Ne5+ {[%emt 0:00:07]} Kf5 {[%emt 0:00:10]} 53. f3 {[%emt 0:00:02]} Nb2 {[%emt 0:00:07]} 54. Nc4 {[%emt 0:00:12]} Na4 {[%emt 0:00:04]} 55. Kd5 {[%emt 0:00:02]} Nc3+ {[%emt 0:00:06]} 56. Kc6 {[%emt 0:00:02]} g4 {[%emt 0:00:05]} 57. f4 {[%emt 0:00:05]} Ke4 {[%emt 0:00:05]} 58. Nxb6 {[%emt 0:00:09]} Kf3 {[%emt 0:00:03]} 59. f5 {[%emt 0:00:05]} Ne4 {[%emt 0:00:02]} 60. Nd5 {[%emt 0:00:03]} Kxg3 {[%emt 0:00:03]} 61. b6 {[%emt 0:00:02]} Kh2 {[%emt 0:00:05]} 62. b7 {[%emt 0:00:03]} g3 {[%emt 0:00:05]} 63. b8=Q {[%emt 0:00:02]} 1-0

[Event "European Online Club-ch-C 2021"]
[Site "Online"]
[Date "2021.03.27"]
[Round "2.9"]
[White "Lenaerts, Lennert"]
[Black "Delgado Ramirez, Neuris"]
[Result "0-1"]
[WhiteElo "2357"]
[BlackElo "2615"]
[Annotator "ChessBase"]
[PlyCount "82"]
[EventDate "2021.03.27"]
[EventType "team-tourn"]
[EventCountry "NET"]
[SourceTitle "playchess.com"]
[Source "ChessBase"]
[SourceQuality "1"]
[TimeControl "900+5"]

1. d4 {[%emt 0:00:00]} Nf6 {[%emt 0:00:06]} 2. c4 {[%emt 0:00:05]} e6 {[%emt 0:00:03]} 3. Nc3 {[%emt 0:00:02]} Bb4 {[%emt 0:00:02]} 4. g3 {[%emt 0:00:03]} Nc6 {[%emt 0:00:23]} 5. Bg2 {[%emt 0:00:38]} O-O {[%emt 0:00:08]} 6. Nf3 {[%emt 0:00:06]} b6 {[%emt 0:00:04]} 7. Ne5 {[%emt 0:00:53]} Bb7 {[%emt 0:00:08]} 8. Bg5 {[%emt 0:00:19]} Bxc3+ {[%emt 0:00:42]} 9. bxc3 {[%emt 0:00:04]} Na5 {[%emt 0:00:10]} 10. Bxb7 {[%emt 0:00:05]} Nxb7 {[%emt 0:00:02]} 11. Ng4 {[%emt 0:00:04]} Nd6 {[%emt 0:00:17]} 12. Bxf6 {[%emt 0:01:06]} gxf6 {[%emt 0:00:03]} 13. Qd3 {[%emt 0:00:07]} f5 {[%emt 0:00:29]} 14. Ne3 {[%emt 0:00:17]} Kh8 {[%emt 0:00:07]} 15. c5 {[%emt 0:00:23]} Ne4 {[%emt 0:00:24]} 16. f3 {[%emt 0:00:31]} Nf6 {[%emt 0:00:04]} 17. cxb6 {[%emt 0:00:23]} axb6 {[%emt 0:00:06]} 18. O-O {[%emt 0:00:22]} Rg8 {[%emt 0:00:05]} 19. Kh1 {[%emt 0:00:36]} Qf8 {[%emt 0:01:21]} 20. Ng2 {[%emt 0:04:21]} Qh6 {[%emt 0:01:23]} 21. Kg1 {[%emt 0:00:04]} Nh5 {[%emt 0:00:59]} 22. e4 {[%emt 0:01:28]} Nxg3 {[%emt 0:00:42]} 23. hxg3 {[%emt 0:00:03]} Rxg3 {[%emt 0:00:03]} 24. Rad1 {[%emt 0:01:25]} Rag8 {[%emt 0:00:23]} 25. Rf2 {[%emt 0:00:27]} Qh3 {[%emt 0:01:20]} 26. Rdd2 {[%emt 0:00:12]} R8g6 {[%emt 0:00:37]} 27. exf5 {[%emt 0:00:34]} Rh6 {[%emt 0:00:04]} 28. Kf1 {[%emt 0:00:16]} Qh1+ {[%emt 0:00:05]} 29. Ke2 {[%emt 0:00:02]} Rxg2 {[%emt 0:00:06]} 30. Rxg2 {[%emt 0:00:08]} Qxg2+ {[%emt 0:00:04]} 31. Kd1 {[%emt 0:00:02]} Rh1+ {[%emt 0:00:07]} 32. Kc2 {[%emt 0:00:02]} Qg1 {[%emt 0:00:04]} 33. Kb3 {[%emt 0:01:08]} Qb1+ {[%emt 0:00:35]} 34. Qxb1 {[%emt 0:00:02]} Rxb1+ {[%emt 0:00:03]} 35. Kc2 {[%emt 0:00:02]} Rf1 {[%emt 0:00:02]} 36. fxe6 {[%emt 0:00:02]} fxe6 {[%emt 0:00:02]} 37. d5 {[%emt 0:00:07]} exd5 {[%emt 0:00:20]} 38. Rxd5 {[%emt 0:00:03]} d6 {[%emt 0:00:03]} 39. Rf5 {[%emt 0:00:04]} Kg7 {[%emt 0:00:05]} 40. Rf4 {[%emt 0:00:13]} h5 {[%emt 0:00:11]} 41. Re4 {[%emt 0:00:02]} Rxf3 {[%emt 0:00:11]} 0-1

[Event "European Online Club-ch-C 2021"]
[Site "Online"]
[Date "2021.03.27"]
[Round "2.10"]
[White "Martinez Alcantara, Jose Eduardo"]
[Black "Van Meegen, Ruud"]
[Result "1-0"]
[WhiteElo "2620"]
[BlackElo "2295"]
[Annotator "ChessBase"]
[PlyCount "47"]
[EventDate "2021.03.27"]
[EventType "team-tourn"]
[EventCountry "NET"]
[SourceTitle "playchess.com"]
[Source "ChessBase"]
[SourceQuality "1"]
[TimeControl "900+5"]

1. e4 {[%emt 0:00:00]} c6 {[%emt 0:00:05]} 2. Nf3 {[%emt 0:00:04]} d5 {[%emt 0:00:02]} 3. d3 {[%emt 0:00:02]} dxe4 {[%emt 0:01:28]} 4. dxe4 {[%emt 0:00:05]} Qxd1+ {[%emt 0:00:02]} 5. Kxd1 {[%emt 0:00:02]} Nd7 {[%emt 0:00:36]} 6. Bd3 {[%emt 0:01:03]} e5 {[%emt 0:00:35]} 7. Nfd2 {[%emt 0:00:11]} Ngf6 {[%emt 0:05:04]} 8. f3 {[%emt 0:00:10]} Be7 {[%emt 0:00:03]} 9. Nc4 {[%emt 0:00:31]} O-O {[%emt 0:00:32]} 10. Be3 {[%emt 0:00:24]} Ne8 {[%emt 0:02:19]} 11. Nbd2 {[%emt 0:01:06]} b6 {[%emt 0:00:39]} 12. Ke2 {[%emt 0:00:42]} f6 {[%emt 0:00:13]} 13. Nb3 {[%emt 0:00:17]} Nd6 {[%emt 0:00:56]} 14. Nxd6 {[%emt 0:00:12]} Bxd6 {[%emt 0:00:01]} 15. Rhd1 {[%emt 0:00:06]} Be7 {[%emt 0:00:16]} 16. a4 {[%emt 0:00:19]} Rb8 {[%emt 0:00:46]} 17. a5 {[%emt 0:00:46]} Rd8 {[%emt 0:00:06]} 18. axb6 {[%emt 0:00:44]} axb6 {[%emt 0:00:04]} 19. Ra7 {[%emt 0:00:10]} Kf8 {[%emt 0:00:27]} 20. Bc4 {[%emt 0:00:28]} b5 {[%emt 0:01:46]} 21. Be6 {[%emt 0:00:19]} Nb6 {[%emt 0:00:04]} 22. Rxd8+ {[%emt 0:00:02]} Bxd8 {[%emt 0:00:02]} 23. Bc5+ {[%emt 0:00:01]} Ke8 {[%emt 0:00:14]} 24. Bf7# {[%emt 0:00:02]} 1-0

[Event "European Online Club-ch-C 2021"]
[Site "Online"]
[Date "2021.03.27"]
[Round "2.11"]
[White "De Mon, Gino"]
[Black "Gukesh D"]
[Result "0-1"]
[WhiteElo "2060"]
[BlackElo "2563"]
[Annotator "ChessBase"]
[PlyCount "64"]
[EventDate "2021.03.27"]
[EventType "team-tourn"]
[EventCountry "NET"]
[SourceTitle "playchess.com"]
[Source "ChessBase"]
[SourceQuality "1"]
[TimeControl "900+5"]

1. d4 {[%emt 0:00:00]} d5 {[%emt 0:00:06]} 2. c4 {[%emt 0:01:15]} e6 {[%emt 0:00:03]} 3. Nc3 {[%emt 0:00:13]} Bb4 {[%emt 0:00:06]} 4. Nf3 {[%emt 0:00:41]} dxc4 {[%emt 0:00:12]} 5. e4 {[%emt 0:00:07]} b5 {[%emt 0:00:13]} 6. Be2 {[%emt 0:00:12]} Bb7 {[%emt 0:00:07]} 7. Qc2 {[%emt 0:02:59]} Nf6 {[%emt 0:00:14]} 8. Bg5 {[%emt 0:00:08]} Bxe4 {[%emt 0:00:22]} 9. Bxf6 {[%emt 0:01:29]} Bxc2 {[%emt 0:00:04]} 10. Bxd8 {[%emt 0:00:04]} Kxd8 {[%emt 0:00:01]} 11. Ne5 {[%emt 0:00:10]} Ke7 {[%emt 0:00:51]} 12. Bf3 {[%emt 0:00:05]} c6 {[%emt 0:00:03]} 13. Bxc6 {[%emt 0:01:15]} Bxc3+ {[%emt 0:00:07]} 14. bxc3 {[%emt 0:00:00]} Nxc6 {[%emt 0:00:01]} 15. Nxc6+ {[%emt 0:00:03]} Kd6 {[%emt 0:00:04]} 16. Ne5 {[%emt 0:00:25]} Rhf8 {[%emt 0:00:24]} 17. Kd2 {[%emt 0:00:03]} Be4 {[%emt 0:00:07]} 18. f3 {[%emt 0:00:23]} Bd5 {[%emt 0:00:03]} 19. Rhb1 {[%emt 0:00:10]} f6 {[%emt 0:00:12]} 20. Ng4 {[%emt 0:00:17]} Rfb8 {[%emt 0:00:18]} 21. a4 {[%emt 0:00:21]} bxa4 {[%emt 0:00:03]} 22. Rb4 {[%emt 0:00:17]} a5 {[%emt 0:00:27]} 23. Rxb8 {[%emt 0:00:32]} Rxb8 {[%emt 0:00:03]} 24. Kc2 {[%emt 0:00:01]} Kc6 {[%emt 0:00:27]} 25. Ne3 {[%emt 0:00:09]} Rb3 {[%emt 0:00:03]} 26. Rxa4 {[%emt 0:00:53]} Kb5 {[%emt 0:00:02]} 27. Ra2 {[%emt 0:00:06]} a4 {[%emt 0:00:05]} 28. f4 {[%emt 0:00:04]} Be4+ {[%emt 0:00:16]} 29. Kd2 {[%emt 0:00:05]} a3 {[%emt 0:00:08]} 30. Nd1 {[%emt 0:00:18]} Ka4 {[%emt 0:00:06]} 31. g3 {[%emt 0:00:16]} Rb1 {[%emt 0:00:06]} 32. h4 {[%emt 0:00:17]} Kb3 {[%emt 0:00:02]} 0-1

[Event "European Online Club-ch-C 2021"]
[Site "Online"]
[Date "2021.03.27"]
[Round "2.12"]
[White "Guerrero Olmos, Sergio"]
[Black "De Vries, Leon"]
[Result "1-0"]
[WhiteElo "2372"]
[BlackElo "2021"]
[Annotator "NA"]
[PlyCount "67"]
[EventDate "2021.03.27"]
[EventType "team-tourn"]
[EventCountry "NET"]
[SourceTitle "playchess.com"]
[Source "ChessBase"]
[SourceQuality "1"]
[TimeControl "900+5"]

1. d4 {[%emt 0:00:00]} Nf6 {[%emt 0:00:05]} 2. Nf3 {[%emt 0:00:02]} g6 {[%emt 0:00:03]} 3. Bf4 {[%emt 0:00:02]} c5 {[%emt 0:00:07]} 4. e3 {[%emt 0:00:04]} cxd4 {[%emt 0:00:04]} 5. exd4 {[%emt 0:00:03]} Bg7 {[%emt 0:00:02]} 6. c3 {[%emt 0:00:05]} d6 {[%emt 0:00:05]} 7. Be2 {[%emt 0:00:05]} O-O {[%emt 0:00:08]} 8. O-O {[%emt 0:00:02]} Nfd7 {[%emt 0:00:48]} 9. h3 {[%emt 0:00:30]} e5 {[%emt 0:00:08]} 10. Bh2 {[%emt 0:00:02]} f5 {[%emt 0:00:21]} 11. Na3 {[%emt 0:00:12]} Nc6 {[%emt 0:00:36]} 12. Nb5 {[%emt 0:00:45]} Nb6 {[%emt 0:00:35]} 13. Qb3+ {[%emt 0:02:09]} Kh8 {[%emt 0:00:28]} 14. a4 {[%emt 0:00:07]} a6 {[%emt 0:00:15]} 15. Nxd6 {[%emt 0:00:20]} Qxd6 {[%emt 0:00:12]} 16. Qxb6 {[%emt 0:00:02]} Rd8 {[%emt 0:00:40]} 17. dxe5 {[%emt 0:00:22]} Qe7 {[%emt 0:01:03]} 18. Bc4 {[%emt 0:01:52]} Be6 {[%emt 0:01:51]} 19. Bxe6 {[%emt 0:00:26]} Qxe6 {[%emt 0:00:05]} 20. Rad1 {[%emt 0:00:05]} Rd7 {[%emt 0:00:51]} 21. Ng5 {[%emt 0:02:43]} Qe7 {[%emt 0:00:31]} 22. Rxd7 {[%emt 0:00:37]} Qxd7 {[%emt 0:00:05]} 23. e6 {[%emt 0:02:01]} Qe7 {[%emt 0:00:57]} 24. Nf7+ {[%emt 0:00:07]} Kg8 {[%emt 0:00:04]} 25. Re1 {[%emt 0:00:11]} Nd8 {[%emt 0:02:32]} 26. Bd6 {[%emt 0:01:12]} Qe8 {[%emt 0:00:06]} 27. Nxd8 {[%emt 0:00:22]} Rxd8 {[%emt 0:00:23]} 28. c4 {[%emt 0:00:13]} Bxb2 {[%emt 0:00:31]} 29. c5 {[%emt 0:00:14]} Bd4 {[%emt 0:00:29]} 30. Qxb7 {[%emt 0:00:20]} Qxa4 {[%emt 0:00:34]} 31. Qf7+ {[%emt 0:00:13]} Kh8 {[%emt 0:00:02]} 32. e7 {[%emt 0:00:11]} Re8 {[%emt 0:00:06]} 33. Qf8+ {[%emt 0:00:04]} Rxf8 {[%emt 0:00:06]} 34. exf8=Q# {[%emt 0:00:02]} 1-0

[Event "European Online Club-ch-C 2021"]
[Site "Online"]
[Date "2021.03.27"]
[Round "2.13"]
[White "Micottis, Dorian"]
[Black "Nguyen, Thai Dai Van"]
[Result "0-1"]
[WhiteElo "2223"]
[BlackElo "2577"]
[Annotator "ChessBase"]
[PlyCount "82"]
[EventDate "2021.03.27"]
[EventType "team-tourn"]
[EventCountry "NET"]
[SourceTitle "playchess.com"]
[Source "ChessBase"]
[SourceQuality "1"]
[TimeControl "900+5"]

1. e4 {[%emt 0:00:00]} e5 {[%emt 0:00:27]} 2. Nf3 {[%emt 0:00:03]} Nc6 {[%emt 0:00:02]} 3. Nc3 {[%emt 0:00:13]} Nf6 {[%emt 0:00:07]} 4. Be2 {[%emt 0:00:02]} Bb4 {[%emt 0:01:14]} 5. Nd5 {[%emt 0:00:03]} Bd6 {[%emt 0:00:29]} 6. d4 {[%emt 0:02:53]} exd4 {[%emt 0:04:06]} 7. Nxd4 {[%emt 0:02:24]} Nxe4 {[%emt 0:00:04]} 8. Bf3 {[%emt 0:03:04]} O-O {[%emt 0:01:10]} 9. Bxe4 {[%emt 0:03:22]} Re8 {[%emt 0:00:04]} 10. O-O {[%emt 0:01:16]} Rxe4 {[%emt 0:00:28]} 11. Nf5 {[%emt 0:00:13]} Bf8 {[%emt 0:01:36]} 12. Qf3 {[%emt 0:00:42]} Re5 {[%emt 0:00:31]} 13. Bd2 {[%emt 0:01:13]} d6 {[%emt 0:00:19]} 14. Nfe3 {[%emt 0:00:11]} Nd4 {[%emt 0:00:15]} 15. Qd1 {[%emt 0:00:02]} Nf5 {[%emt 0:00:24]} 16. Bc3 {[%emt 0:00:08]} Nxe3 {[%emt 0:00:16]} 17. fxe3 {[%emt 0:00:18]} Rg5 {[%emt 0:01:29]} 18. Qf3 {[%emt 0:00:04]} Be6 {[%emt 0:00:01]} 19. Nf4 {[%emt 0:00:05]} Qd7 {[%emt 0:00:02]} 20. Qxb7 {[%emt 0:00:11]} Re8 {[%emt 0:00:01]} 21. Qf3 {[%emt 0:00:04]} Bg4 {[%emt 0:00:24]} 22. Qf2 {[%emt 0:00:04]} h6 {[%emt 0:00:05]} 23. Kh1 {[%emt 0:00:04]} Bf5 {[%emt 0:00:06]} 24. Rae1 {[%emt 0:00:11]} Be4 {[%emt 0:00:01]} 25. Rg1 {[%emt 0:00:06]} d5 {[%emt 0:00:01]} 26. Ne2 {[%emt 0:00:05]} Bd6 {[%emt 0:00:03]} 27. Nf4 {[%emt 0:00:06]} Qg4 {[%emt 0:00:10]} 28. Re2 {[%emt 0:00:07]} Rf5 {[%emt 0:00:14]} 29. Qe1 {[%emt 0:00:05]} Bxf4 {[%emt 0:00:23]} 30. exf4 {[%emt 0:00:01]} Rh5 {[%emt 0:00:17]} 31. Re3 {[%emt 0:00:04]} Qxf4 {[%emt 0:00:46]} 32. Qg3 {[%emt 0:00:03]} Qxg3 {[%emt 0:00:02]} 33. Rxg3 {[%emt 0:00:01]} g6 {[%emt 0:00:00]} 34. Re1 {[%emt 0:00:03]} d4 {[%emt 0:00:07]} 35. Bd2 {[%emt 0:00:01]} Rhe5 {[%emt 0:00:02]} 36. Kg1 {[%emt 0:00:19]} Bxc2 {[%emt 0:00:06]} 37. Rc1 {[%emt 0:00:06]} d3 {[%emt 0:00:02]} 38. Bxh6 {[%emt 0:00:03]} Re1+ {[%emt 0:00:03]} 39. Rxe1 {[%emt 0:00:02]} Rxe1+ {[%emt 0:00:00]} 40. Kf2 {[%emt 0:00:01]} Re2+ {[%emt 0:00:00]} 41. Kf1 {[%emt 0:00:02]} d2 {[%emt 0:00:02]} 0-1

[Event "European Online Club-ch-C 2021"]
[Site "Online"]
[Date "2021.03.27"]
[Round "2.14"]
[White "Michalik, Peter"]
[Black "Bruch, Jochen"]
[Result "1-0"]
[WhiteElo "2594"]
[BlackElo "2187"]
[Annotator "ChessBase"]
[PlyCount "49"]
[EventDate "2021.03.27"]
[EventType "team-tourn"]
[EventCountry "NET"]
[SourceTitle "playchess.com"]
[Source "ChessBase"]
[SourceQuality "1"]
[TimeControl "900+5"]

1. d4 {[%emt 0:00:00]} Nf6 {[%emt 0:00:05]} 2. c4 {[%emt 0:00:03]} c5 {[%emt 0:00:03]} 3. d5 {[%emt 0:00:02]} e6 {[%emt 0:00:02]} 4. Nc3 {[%emt 0:00:02]} exd5 {[%emt 0:00:03]} 5. cxd5 {[%emt 0:00:01]} d6 {[%emt 0:00:03]} 6. e4 {[%emt 0:00:02]} g6 {[%emt 0:00:02]} 7. f4 {[%emt 0:00:02]} Bg7 {[%emt 0:00:04]} 8. Bb5+ {[%emt 0:00:06]} Nfd7 {[%emt 0:00:03]} 9. Be2 {[%emt 0:00:04]} O-O {[%emt 0:00:04]} 10. Nf3 {[%emt 0:00:03]} a6 {[%emt 0:00:18]} 11. a4 {[%emt 0:00:04]} Re8 {[%emt 0:00:03]} 12. O-O {[%emt 0:00:02]} Nf6 {[%emt 0:00:03]} 13. Qc2 {[%emt 0:00:25]} Nbd7 {[%emt 0:00:06]} 14. Bd2 {[%emt 0:00:06]} Rb8 {[%emt 0:00:45]} 15. Rae1 {[%emt 0:01:31]} Qc7 {[%emt 0:00:19]} 16. Kh1 {[%emt 0:00:36]} Nf8 {[%emt 0:03:54]} 17. e5 {[%emt 0:01:14]} Bf5 {[%emt 0:00:32]} 18. Bd3 {[%emt 0:00:18]} Bxd3 {[%emt 0:00:40]} 19. Qxd3 {[%emt 0:00:00]} N6d7 {[%emt 0:00:33]} 20. e6 {[%emt 0:00:11]} fxe6 {[%emt 0:01:14]} 21. dxe6 {[%emt 0:00:08]} Rxe6 {[%emt 0:00:59]} 22. Ng5 {[%emt 0:01:02]} Rxe1 {[%emt 0:00:58]} 23. Rxe1 {[%emt 0:00:05]} h6 {[%emt 0:01:26]} 24. Nd5 {[%emt 0:02:20]} Qd8 {[%emt 0:00:43]} 25. Ne7+ {[%emt 0:00:06]} 1-0